| 000 | 01666nam a22001697a 4500 | ||
|---|---|---|---|
| 008 | 121204t xxu||||| |||| 00| 0 eng d | ||
| 020 | _a087975446x | ||
| 050 | _aHX39.5.A224 | ||
| 100 | _aMarx, Karl | ||
| 245 |
_aEconomic and philosophic manuscripts of 1844 / _cKarl Marx, Frederick Engels and translated by Martin Milligan |
||
| 260 |
_aNew York: _bPrometheus Books, _cc1998. |
||
| 300 |
_a243p. _c21cm. |
||
| 505 | _aContents: Translator's note on terminology -- Economic and philosophic manuscripts of 1844 by Karl Marx -- Wages of labor -- Profit of capital: Capital -- The Profit of capital -- The Rule of capital over labor and the motives of the capitalist -- The Accumulation of capitals and the competition among the capitalists -- Rent of land -- (Estranged labor) -- (Antithesis of capital and labor. Landed property and capital) -- (Private property and labor views of the mercantile system and physiocracy, Adam Smith, Ricardo and his school) -- (Private property and communism. Various stages of development of communist views. Crude, equalitarian communism and communism as socialism coinciding with humaneness) -- (The Meaning of human requirements where there is private property and under socialism. The Difference between extravagant wealth and industrial wealth. Division of labor in bourgeois society) -- (The Power of money in bourgeois society) -- (Critique of the Hengelian dialectic and philosophy as a whole) -- Appendix: outlines of a critique of political economy by Frederick Engels -- Manifesto of communist party by Karl Marx and Frederick Engels. | ||
| 650 | _bMarxian economics. | ||
| 700 | _aEngels, Frederick | ||
| 942 |
_2lcc _cBK |
||
| 999 |
_c2624 _d10124 |
||